[Event "FRA-ch Accession"]
[Site "Chambery"]
[Date "1994.??.??"]
[Round "2"]
[White "Nezar, Mustapha"]
[Black "Le Godec, Daniel"]
[Result "1-0"]
[WhiteElo "2120"]
[BlackElo "2240"]
[PlyCount "97"]
[EventDate "1994.??.??"]
[EventType "swiss"]
[EventRounds "11"]
[EventCountry "FRA"]
[SourceTitle "EXT 2004"]
[Source "ChessBase"]
[SourceDate "2003.11.25"]
[SourceVersion "1"]
[SourceVersionDate "2003.11.25"]
[SourceQuality "1"]

1. c4 c5 2. Nc3 Nc6 3. Nf3 g6 4. g3 Bg7 5. Bg2 Nf6 6. 0-0 0-0 7. d4 cxd4 8. Nxd4 Nxd4 9. Qxd4 d6 10. Qd3 a6 11. Bd2 Rb8 12. Rfd1 Ng4 13. b3 b5 14. cxb5 axb5 15. h3 Ne5 16. Qe3 Be6 17. Nd5 Bxd5 18. Bxd5 e6 19. Bg2 b4 20. Rac1 d5 21. Qf4 Qb6 22. Be3 Qa6 23. Rc2 Nd7 24. Rdc1 e5 25. Qh4 d4 26. Bh6 Bxh6 27. Qxh6 Rfc8 28. Bc6 Nf8 29. Qg5 Ne6 30. Qxe5 Rd8 31. Bg2 Qd6 32. Qxd6 Rxd6 33. Rc8+ Rxc8 34. Rxc8+ Kg7 35. Rc4 Ra6 36. Bd5 Rxa2 37. Bxe6 fxe6 38. Rxd4 Rxe2 39. Rxb4 Kf6 40. Kg2 Rb2 41. h4 h6 42. Kf3 Kg7 43. Ke3 e5 44. Rb6 e4 45. b4 Kh7 46. Rb7+ Kg8 47. b5 Kh8 48. b6 Kg8 49. Kxe4 1-0

[Event "FRA-ch Accession"]
[Site "Montpellier"]
[Date "1991.??.??"]
[Round "8"]
[White "Chevallier, Didier"]
[Black "Le Godec, Daniel"]
[Result "0-1"]
[WhiteElo "2315"]
[BlackElo "2190"]
[PlyCount "64"]
[EventDate "1991.??.??"]
[EventType "swiss"]
[EventRounds "11"]
[EventCountry "FRA"]
[SourceTitle "EXT 1999"]
[Source "ChessBase"]
[SourceDate "1998.11.16"]
[SourceVersion "1"]
[SourceVersionDate "1998.11.16"]
[SourceQuality "1"]

1. d4 Nf6 2. c4 g6 3. Nc3 d5 4. cxd5 Nxd5 5. e4 Nxc3 6. bxc3 Bg7 7. Bc4 0-0 8. Ne2 Nc6 9. 0-0 b6 10. Bg5 Na5 11. Bd3 Qd7 12. Qd2 Bb7 13. Rac1 e6 14. Bh6 c5 15. Bxg7 Kxg7 16. Qf4 Nc6 17. e5 f6 18. Ng3 fxe5 19. Qg4 exd4 20. Rfe1 Rad8 21. f4 dxc3 22. Bxg6 hxg6 23. Rxe6 Qd3 24. Rce1 Bc8 25. f5 Qd4+ 26. Qxd4+ Nxd4 27. Rxg6+ Kf7 28. Nh5 Nxf5 29. Rf6+ Kg8 30. g4 Rxf6 31. Nxf6+ Kf7 32. Ne4 c2 0-1

[Event "FRA-ch Accession"]
[Site "Montpellier"]
[Date "1991.??.??"]
[Round "1"]
[White "Le Godec, Daniel"]
[Black "Harlin, Henri"]
[Result "1-0"]
[WhiteElo "2190"]
[BlackElo "2290"]
[PlyCount "63"]
[EventDate "1991.??.??"]
[EventType "swiss"]
[EventRounds "11"]
[EventCountry "FRA"]
[SourceTitle "EXT 1999"]
[Source "ChessBase"]
[SourceDate "1998.11.16"]
[SourceVersion "1"]
[SourceVersionDate "1998.11.16"]
[SourceQuality "1"]

1. e4 c5 2. Nf3 e6 3. d4 cxd4 4. Nxd4 Nf6 5. Nc3 d6 6. Bc4 Be7 7. 0-0 a6 8. Bb3 b5 9. f4 0-0 10. e5 dxe5 11. fxe5 Nd5 12. Nxd5 exd5 13. Qh5 Nc6 14. c3 g6 15. Nxc6 Qb6+ 16. Kh1 gxh5 17. Nxe7+ Kh8 18. Bg5 f5 19. exf6 Be6 20. f7 Rxf7 21. Rxf7 Bxf7 22. Rf1 Kg7 23. Nf5+ Kg6 24. Be3 Qc7 25. Bc2 Re8 26. Nd6+ Kg7 27. Bd4+ Kg8 28. Nxf7 Qxf7 29. Rxf7 Re1+ 30. Bg1 Kxf7 31. Bxh7 Rb1 32. Bxb1 1-0

[Event "FRA-ch Accession"]
[Site "Montpellier"]
[Date "1991.??.??"]
[Round "5"]
[White "Le Godec, Daniel"]
[Black "Romantchouk, Jacques"]
[Result "1-0"]
[WhiteElo "2190"]
[BlackElo "2290"]
[PlyCount "82"]
[EventDate "1991.??.??"]
[EventType "swiss"]
[EventRounds "11"]
[EventCountry "FRA"]
[SourceTitle "EXT 1999"]
[Source "ChessBase"]
[SourceDate "1998.11.16"]
[SourceVersion "1"]
[SourceVersionDate "1998.11.16"]
[SourceQuality "1"]

1. e4 e6 2. d4 d5 3. Nd2 c5 4. dxc5 Nf6 5. exd5 Qxd5 6. Ngf3 Bxc5 7. Bc4 Qh5 8. Nb3 Be7 9. 0-0 0-0 10. Qe2 Nc6 11. Bf4 Bd7 12. Rad1 Rac8 13. c3 a6 14. Bg5 Rfd8 15. h3 Nd5 16. Bxe7 Ncxe7 17. Qe5 Qh6 18. Bxd5 Nxd5 19. Rd4 Ne7 20. Rd2 Nc6 21. Qg3 Be8 22. Rxd8 Nxd8 23. Rd1 Nc6 24. Nc5 Qh5 25. Ne4 Qa5 26. Nf6+ Kh8 27. Nxe8 Rxe8 28. Rd7 Rf8 29. Qd6 Kg8 30. Rxb7 Qa4 31. b3 Qe4 32. Rd7 h6 33. c4 a5 34. Qc5 Nb4 35. Qxa5 Qb1+ 36. Kh2 Nxa2 37. Ra7 Nc1 38. Qc3 Na2 39. Qd2 Nc1 40. b4 Nd3 41. Rd7 Nb2 1-0

[Event "FRA-ch Accession"]
[Site "Montpellier"]
[Date "1991.??.??"]
[Round "7"]
[White "Le Godec, Daniel"]
[Black "Wagner, Claude"]
[Result "1/2-1/2"]
[WhiteElo "2190"]
[BlackElo "2280"]
[PlyCount "72"]
[EventDate "1991.??.??"]
[EventType "swiss"]
[EventRounds "11"]
[EventCountry "FRA"]
[SourceTitle "EXT 1999"]
[Source "ChessBase"]
[SourceDate "1998.11.16"]
[SourceVersion "1"]
[SourceVersionDate "1998.11.16"]
[SourceQuality "1"]

1. e4 c5 2. Nf3 Nc6 3. d4 cxd4 4. Nxd4 Nf6 5. Nc3 e5 6. Ndb5 d6 7. a4 a6 8. Na3 h6 9. Be2 Be6 10. 0-0 Nb4 11. f4 exf4 12. Bxf4 d5 13. exd5 Nbxd5 14. Nxd5 Nxd5 15. Nc4 Bc5+ 16. Kh1 Nxf4 17. Qxd8+ Rxd8 18. Rxf4 0-0 19. a5 g5 20. Rff1 Rfe8 21. b3 Bd5 22. Bd3 Kg7 23. Rf5 Bd4 24. Raf1 Be6 25. R5f3 Re7 26. Ne3 Rc7 27. Nf5+ Bxf5 28. Rxf5 f6 29. Rb1 Be5 30. g3 Rd4 31. b4 h5 32. Kg2 h4 33. Rb3 hxg3 34. hxg3 Rg4 35. Rf3 Bd6 36. b5 axb5 1/2-1/2